| 000 | 04365nam a22004571 4500 | ||
|---|---|---|---|
| 005 | 20050808122104.0 | ||
| 008 | 721219s1962 nyu 000 0 eng | ||
| 010 | _aB-359239-258 | ||
| 020 |
_a9781406306590 _c£6.99 (Rs. 293.30) |
||
| 035 | _aB-359239-258 | ||
| 037 | _bAakar Books | ||
| 040 |
_adpl _bEnglish |
||
| 082 | _aN | ||
| 100 | _aFinn, Mary | ||
| 245 |
_aAnila's journey / _bby Mary Finn |
||
| 260 |
_aLondon _bWalker Books _c2008 |
||
| 270 |
_a87, Vauxhall Walk, _bLondon _eSE11 5HJ |
||
| 300 |
_a319 p. _c22 cm. (pbk) |
||
| 942 |
_2ddc _cEN _mFIN _hN |
||
| 999 |
_c24284 _d24284 |
||